Yamanote Line Stations, Tokyo, Japan -Clockwise Order - Statistics

General Stats
  • This quiz has been taken 92 times
  • The average score is 26 of 30
Answers on the Map
Answers color-coded by a green-red scale on the quiz's map according to % correct below.
 
Answer Stats
Answer % Correct
Yurakucho
93%
Shinagawa
92%
Shin-Okubo
92%
Harajuku
90%
Shibuya
90%
Shinjuku
90%
Tokyo
90%
Akihabara
88%
Meguro
88%
Mejiro
88%
Takadanobaba
88%
Ebisu
86%
Hamamatsu-cho
86%
Ikebukuro
86%
Kanda
86%
Shinbashi
86%
Yoyogi
86%
Gotanda
85%
Nippori
85%
Nishi-Nippori
85%
Osaki
85%
Ueno
85%
Komagome
81%
Okachimachi
81%
Otsuka
81%
Sugamo
81%
Takanawa Gateway
80%
Tamachi
80%
Uguisudani
80%
Tabata
76%
No matching quizzes found
Score Distribution
Percent of People with Each Score
Percentile by Number Answered
Your Score History
You have not taken this quiz